Представление документа в формате RUSMARC

ПолеНазваниеЗначение
  Тип записи c
  Библиографический уровень m
001 Контрольный номер RU/IS/BASE/439908198
005 Дата корректировки 20201206204903.9
010 Индекс ISBN __
a ISBN 978-5-7379-0533-0
d Цена 90-47
101 Язык документа 0_
a Язык текста rus
200 Заглавие и сведения об ответственности 1_
a Заглавие Пособие для развития навыка подбора по слуху в классе фортепиано
f Первые сведения об ответственности Ирина Ядова
b Общее обозначение материала Ноты
210 Выходные данные __
a Место издания Санкт-Петербург
c Издательство Композитор. Санкт-Петербург
d Дата издания 2005
215 Физическое описание __
a Объем 35, [2] с.
c Иллюстрации/тип воспроизводства нот.
d Формат 20
330 Аннотация __
a Аннотация Методика этого учебного пособия позволяет развить способность играть по слуху в той или иной степени практически у любого, даже самого заурядного ученика. Предназначено оно для работы с учащимися младших классов ДМШ.
606 Тематические рубрики __
a Основная рубрика Музыка и зрелищные искусства
606 Тематические рубрики __
a Основная рубрика Инструментальная музыка
610 Ключевые слова __
a Ключевые слова фортепиано; пианизм; игра на фортепиано; развитие музыкального слуха; подбор мелодии; подбор по слуху; музыкальные упражнения; аккомпанемент; аккомпанирование; игра по слуху
686 Индексы других классификаций __
a Классификационный индекс 85.954.2я7
700 Автор _1
a Фамилия Ядова
b Имя И. В.
g Полное личное имя Ирина Вячеславовна
4 Код отношения 070
801 Источник записи _0
a Страна RU
b Организация Муниципальное бюджетное учреждение культуры "Централизованная библиотечная система" г. Сургут (Центральная городская библиотека им. А. С. Пушкина)
g Правила каталогизации КиК/Котельникова
801 Источник записи _1
a Страна RU
b Организация Муниципальное бюджетное учреждение культуры "Централизованная библиотечная система" г. Сургут (Центральная городская библиотека им. А. С. Пушкина)
g Правила каталогизации КиК/Котельникова
852 Данные о местонахождении __
j Шифр хранения 85.954.2я7
i Авторский знак Я 37
901 Тип документа __
t Тип документа m
903 Характеристики (МАРС) __
a Дата передачи 20131208
969 Тип издания __
a Тип издания пособие; нотное издание
990 Данные о заказе (DOS) __
j Количество экземпляров (DOS) 1
t N записи в КСУ для И/У (DOS) 201311